সত্য মামলা আগরতলা /
Autobiographical reminiscences of an army official about Sheikh Mujibur Rahman, 1922-1975, first president of Bangladesh and his involvement in a political conspiracy case, conducted in 1968.
| 主要作者: | |
|---|---|
| 格式: | 圖書 |
| 語言: | Bengali English |
| 出版: |
ঢাকা :
প্রথমা প্রকাশনা,
২০১১.
|
| 主題: | |
| Classic Catalogue: | View this record in Classic Catalogue |
| LEADER | 01788nam a2200397 i 4500 | ||
|---|---|---|---|
| 001 | 38482 | ||
| 003 | BD-DhAAL | ||
| 005 | 20220524165442.0 | ||
| 008 | 220524t2011 bg a 000 0 ben d | ||
| 999 | |c 44244 |d 44244 | ||
| 010 | |a 2011311176 | ||
| 020 | |a 9789848765609 | ||
| 025 | |a B-B-2011-311176; 21-92 | ||
| 037 | |b Library of Congress -- New Delhi Overseas Office | ||
| 040 | |a DLC |b eng |e rda |c DLC |d DLC |d BD-DhAAL | ||
| 041 | 1 | |a ben |h eng | |
| 042 | |a lcode |a pcc | ||
| 043 | |a a-bg--- | ||
| 050 | 0 | 0 | |a KNG174.M85 |b A44 2011 |
| 082 | |a 954.9204 |2 23 | ||
| 100 | 1 | |a আলী, শওকত, |d ১৯৩৭- |9 48678 | |
| 240 | 1 | 0 | |a Armed quest for independence. |l Bengali |
| 245 | 1 | 0 | |a সত্য মামলা আগরতলা / |c শওকত আলী |
| 246 | 3 | 1 | |a Sotya mamla Agartala |
| 264 | 1 | |a ঢাকা : |b প্রথমা প্রকাশনা, |c ২০১১. | |
| 300 | |a ২০৮ পৃষ্ঠা : |b চিত্র ; |c ২২ সে.মি. | ||
| 504 | |a In Bengali. | ||
| 520 | |a Autobiographical reminiscences of an army official about Sheikh Mujibur Rahman, 1922-1975, first president of Bangladesh and his involvement in a political conspiracy case, conducted in 1968. | ||
| 541 | |a Donated By Akbar Ali Khan |e 38482 | ||
| 600 | 1 | 0 | |a Mujibur Rahman, |c Sheikh, |d 1922-1975 |v Trials, litigation, etc. |9 48679 |
| 600 | 1 | 0 | |a Ālī, Śaokata, |d 1937- |v Trials, litigation, etc. |9 48680 |
| 650 | 0 | |a Trials (Conspiracy) |z Bangladesh. |9 48681 | |
| 651 | 0 | |a Bangladesh |x Politics and government. |9 48682 | |
| 852 | |a Ayesha Abed Library |c Akbar Ali Khan Collection | ||
| 942 | |2 ddc |c BK | ||
| 952 | |0 0 |1 0 |2 ddc |4 0 |6 954_920400000000000_ALI |7 1 |9 70704 |a BRACUL |b BRACUL |c AAKC |d 2022-05-24 |e Donated by Akbar Ali Khan |l 0 |o 954.9204 ALI |p 3010038482 |r 2022-05-24 |t 1 |w 2022-05-24 |y BK | ||